Miasta na prawach powiatu w Polsce - nagła śmierć - Statystyki

Ogólne statystyki
  • Ten quiz został rozwiązany 147 razy
    73 od ostatniego zresetowania
  • Średni wynik to 11 z 16
Answers on the Grid
Answers color-coded by a green-red scale on the quiz's grid according to % correct below.
Warszawa
Głogów
Tarnów
Mielec
Lubartów
Pabianice
Iława
Nowy Sącz
Gorlice
Nidzica
Kraków
Opole
Płock
Strzelce Krajeńskie
Nysa
Katowice
Sosnowiec
Bytów
Krzeszowice
Elbląg
Olkusz
Oświęcim
Radom
Jaworzno
Mysłowice
Dęblin
Rzeszów
Krosno
Żory
Rybnik
 
Statystyki odpowiedzi
Odpowiedź % Poprawnych
Warszawa
100%
Tarnów
78%
Kraków
76%
Rzeszów
76%
Katowice
74%
Opole
74%
Nowy Sącz
70%
Radom
70%
Sosnowiec
70%
Rybnik
67%
Elbląg
65%
Płock
65%
Krosno
61%
Żory
59%
Jaworzno
57%
Mysłowice
54%
Nie znaleziono quizów pasujących do podanych kryteriów
Rozkład punktacji
Procent ludzi z każdym wynikiem
Percentyl według liczby udzielonych odpowiedzi
Twoja historia wyników
Nie rozwiązałeś tego quizu od ostatniego zresetowania